000 00714nam a2200253Ia 4500
003 OSt
005 20220918203506.0
006 a|||||r|||| 00| 0
007 ta
008 220917b |||||||| |||| 00| 0 eng d
024 _a108,611
037 _cTextual
040 _aARTS
_cARTS
_beng
041 _2eng
_aeng
082 _aV43591.N63<-N57, L7
100 _aSuryanarayan V
_9108830
245 0 _aSingapore
_b Path to independence
260 _aMadurai
_bKoodal Publishers
_c1977
300 _a278p. tables
_ccm.
500 _aAppendix p229-246; Bibliography p247-274
650 _aHISTORY
942 _hV43591.N63<-N57, L7
_cTEXL
_2CC
999 _c231965
_d231965